Statistics for Country Shapes in the Map of Europe #5

Click here to take the quiz!

General Stats

  • This quiz has been taken 3,962 times
  • The average score is 10 of 10

Answers on the Map

Answers color-coded by a green-red scale on the quiz's map according to % correct below.
 

Answer Stats

Answer% Correct
Portugal
100%
Spain
100%
Sweden
100%
United Kingdom
100%
Denmark
99%
Poland
99%
Romania
98%
Albania
96%
San Marino
96%
Moldova
95%

Score Distribution

Percentile by Number Answered

Percent of People with Each Score

Your Score History

You have not taken this quiz